| 000 | 00503nam a22001697a 4500 | ||
|---|---|---|---|
| 005 | 20220716120258.0 | ||
| 008 | 220716b ||||| |||| 00| 0 eng d | ||
| 040 | _cAL | ||
| 041 | _aEnglish | ||
| 082 |
_223 _a324.17095 _bBHAI |
||
| 100 |
_aBhai Vishnu Pant Chitale Pratisthan _950379 |
||
| 245 | _aIndian Left:past present and future | ||
| 260 |
_aPune _bBhai Vishnu Pant Chitale Pratisthan _c1990 |
||
| 300 |
_a183 p. _bPB _c21x14 cm. |
||
| 700 |
_aBHAI VISHNU PANT CHITALE _950380 |
||
| 942 |
_2ddc _cGF |
||
| 999 |
_c223878 _d223878 |
||